000 00434nam a22001697a 4500
003 CEME
005 20210628203501.0
008 210119b xxu||||| |||| 00| 0 eng d
040 _cceme
082 _a621.31 NAS
100 _aNasar, Syed A.
_965728
245 _aElectric power systems
260 _aINDIA
_bTATA MCGRAW
_c2006
300 _aVIII,450P
650 _aELECTRIC POWER SYSTEMS.SCHAUM OUTLINES
_965729
942 _cBK
_2ddc
999 _c573858
_d573858